西鉄クリッパース〜埼玉西武ライオンズ歴代監督 - Statistics

General Stats
  • This quiz has been taken 21 times
    19 since last reset
  • The average score is 12 of 19
Answer Stats
在任期間 Answer % Correct
2023〜2024 松井稼頭央
100%
2025〜 西口文也
100%
2008〜2013 埼玉西武ライオンズ(2008〜) 渡辺久信
95%
2017〜2022 辻発彦
95%
1986〜1994 森祇晶
84%
2004〜2007 伊東勤
84%
1995〜2001 東尾修
79%
2015〜2016 田邊徳雄
79%
1970〜1974 太平洋クラブ・ライオンズ(1973〜) 稲尾和久
74%
2002〜2003 伊原春樹
68%
2014 伊原春樹
68%
1962〜1969 中西太(選手兼任監督)
63%
1982〜1985 広岡達朗
58%
1978〜1981 西武ライオンズ(1979〜) 根本陸夫
42%
1951〜1959 西鉄ライオンズ(1951〜) 三原脩(三原修)
37%
1975 江藤慎一(選手兼任監督)
32%
1976〜1977 クラウンライター・ライオンズ(1977〜) 鬼頭政一
16%
1950 西鉄クリッパース(1950) 宮崎要
11%
1960〜1961 川崎徳次
5%
No matching quizzes found
Score Distribution
Percent of People with Each Score
Percentile by Number Answered
Your Score History
You have not taken this quiz since the last reset